Свойства тонких покрытий оксида титана, полученных методом реактивного магнетронного распыления и перспектива их применения в медицине; Перспективы развития фундаментальных наук; Т. 1

Podrobná bibliografie
Parent link:Перспективы развития фундаментальных наук: труды VI Международной конференции студентов и молодых ученых, Томск, 26 - 29 мая 2009 г./ Томский политехнический университет (ТПУ) ; под ред. Г. А. Вороновой.— , 2009.— 978-5-98298-544-6
Т. 1.— 2009.— С. 70-72
Hlavní autor: Гребнева И. А. Ирина Андреевна
Další autoři: Быкова Ю. В. Юлия Владиславовна (научный руководитель), Ермолович И. М., Пичугин В. Ф. Владимир Федорович
Jazyk:ruština
Vydáno: 2009
Témata:
Médium: MixedMaterials Kapitola
KOHA link:https://koha.lib.tpu.ru/cgi-bin/koha/opac-detail.pl?biblionumber=198957

MARC

LEADER 00000naa2a2200000 4500
001 198957
005 20231031184119.0
035 |a (RuTPU)RU\TPU\book\216971 
090 |a 198957 
100 |a 20110714d2009 k y0rusy50 ca 
101 0 |a rus 
102 |a RU 
200 1 |a Свойства тонких покрытий оксида титана, полученных методом реактивного магнетронного распыления и перспектива их применения в медицине  |f И. А. Гребнева, Ю. В. Быкова, И. М. Ермолович  |g науч. рук. В. Ф. Пичугин 
320 |a Библиогр.: 2 назв. 
461 1 |0 (RuTPU)RU\TPU\book\209177  |y 978-5-98298-544-6  |t Перспективы развития фундаментальных наук   |o труды VI Международной конференции студентов и молодых ученых, Томск, 26 - 29 мая 2009 г.  |o в 2 т.  |f Томский политехнический университет (ТПУ) ; под ред. Г. А. Вороновой  |d 2009 
463 0 |0 (RuTPU)RU\TPU\book\208765  |y 978-5-98298-546-0  |t Т. 1  |v С. 70-72  |d 2009  |p 542 с. 
610 1 |a оксид титана 
610 1 |a покрытия 
610 1 |a тонкие покрытия 
610 1 |a распыление 
610 1 |a реактивное магнетронное распыление 
610 1 |a медицина 
610 1 |a дифрактограммы 
610 1 |a плёнки 
610 1 |a спектральный состав 
610 1 |a излучение 
610 1 |a плазма 
610 1 |a труды учёных ТПУ 
700 1 |a Гребнева  |b И. А.  |c специалист в области теоретической и экспериментальной физики  |c инженер-исследователь Тмского политехнического университета  |f 1989  |g Ирина Андреевна  |2 stltpush  |3 (RuTPU)RU\TPU\pers\30574 
701 1 |a Быкова  |b Ю. В.  |c инженерТомского политехнического университета  |c специалист в области теоретической и экспериментальной физики  |f 1989-  |g Юлия Владиславовна  |2 stltpush  |3 (RuTPU)RU\TPU\pers\30031 
701 1 |a Ермолович  |b И. М. 
702 1 |a Пичугин  |b В. Ф.  |c российский физик  |c профессор Томского политехнического университета, доктор физико-математических наук  |f 1944-  |g Владимир Федорович  |2 stltpush  |4 727 
801 1 |a RU  |b 63413507  |c 20110714 
801 2 |a RU  |b 63413507  |c 20130508  |g RCR 
942 |c BK